| 000 | 00941cab a2200229 4500 | ||
|---|---|---|---|
| 001 | ABS46023 | ||
| 008 | 090401t1992 xxu||||| |||| 00| 0 eng d | ||
| 035 | _a(Sirsi) u56410 | ||
| 041 | _aeng | ||
| 245 | _aControl of Legionnaires` Disease | ||
| 260 | _c1992 | ||
| 350 | _a0 | ||
| 490 |
_aMcKenna Law Letter _vSpring 1992, 17-19(3) |
||
| 520 | _aOutlines the provisions of the Health and Safety Commission`s "Approved Code of Practice on the Control of Legionellosis" which came into effect on 15 January 1992. It provides guidance on appropriate preventative measures as well as statutory requirements specific to Legionnaires. Organisations will need to reappraise maintenance arrangements. | ||
| 650 | _aCOSHH | ||
| 650 |
_aHEALTH AND SAFETY _96244 |
||
| 650 | _aLEGIONNAIRES' DISEASE | ||
| 650 | _aBUILT ENVIRONMENT-BUILDING MAINTENANCE AND REFURBISHMENT | ||
| 690 | _aBUILT ENVIRONMENT | ||
| 942 | _n0 | ||
| 948 | _c04/03/1997 | ||
| 999 |
_c34399 _d34399 |
||